00498cam a22001692 4500001001100000005001700011008004100028020002800069040001500097050002200112100003700134245005700171250001200228260003400240300001500274650003900289000000301120151217151911.0070425s xx 000 0 eng d a0256083029 :cKES 2,900 aKABUcKABU 0aHG4026b.H34 19931 aHarrington, Diana R.@000015257710aCorporate financial analysis /cDiana R. Harrington. a4th ed. aHomewood, IL :bIrwin,c1993. axi, 387 p. 0aCorporationsxFinance.@0000007704